US States by 3 Letters on a Map Quiz Stats

 Plays Quiz Updated May 14, 2019

Score 0/50 Timer 01:00
4 Plays Today
% Correct
California
93.6%
New York
92.5%
New Mexico
91.4%
Florida
91.2%
New Hampshire
90.6%
New Jersey
90.5%
 Washington
87.1%
 Texas
87%
Missouri
86.4%
North Dakota
86.3%
South Dakota
85.5%
North Carolina
85.4%
South Carolina
84.8%
 Alaska
78.2%
 Oregon
78%
Alabama
77.3%
 Idaho
77.3%
Nevada
77.2%
Vermont
76.4%
Montana
76.1%
 Wyoming
74.8%
 Arizona
69.7%
 Arkansas
69.7%
 Colorado
69%
West Virginia
68.2%
% Correct
Mississippi
67.3%
Wisconsin
66.8%
Michigan
65.9%
 Utah
65.6%
Minnesota
64.8%
Maine
63.9%
Louisiana
63.9%
Virginia
63.1%
Illinois
63%
 Pennsylvania
62.9%
 Kansas
61.9%
 Ohio
61.8%
Indiana
61.6%
Georgia
61.3%
 Oklahoma
61.1%
 Nebraska
59.2%
Tennessee
57.5%
Iowa
55.2%
Kentucky
52.8%
Hawaii
49%
Massachusetts
48.8%
Connecticut
43.2%
 Maryland
40.9%
Rhode Island
40.4%
Delaware
34.8%

You're not logged in!

Compare scores with friends on all Sporcle quizzes.
OR
Log In

Show Comments

Extras

Top Quizzes Today


Score Distribution

Your Account Isn't Verified!

In order to create a playlist on Sporcle, you need to verify the email address you used during registration. Go to your Sporcle Settings to finish the process.

Report this User

Report this user for behavior that violates our Community Guidelines.

Details: